Nuevos caminos: texto de lectura para tercer año básico
Guardat en:
| Autor corporatiu: | |
|---|---|
| Format: | Llibre |
| Idioma: | espanyol |
| Publicat: |
Santiago
CPEIP
1974
|
| Edició: | 4a. ed |
| Col·lecció: | Adelante
|
| Matèries: | |
| Etiquetes: |
Afegir etiqueta
Sense etiquetes, Sigues el primer a etiquetar aquest registre!
|
MARC
| LEADER | 00000nam a2200000 a 4500 | ||
|---|---|---|---|
| 001 | UCZ7597 | ||
| 003 | CL-VaPUC | ||
| 008 | 960105e19740000CL |||||||||||||||||spa|d | ||
| 082 | 0 | 4 | |a 372.414 |b CEN |2 21 |
| 110 | 2 | |a Centro de Perfeccionamiento, Experimentación e Investigaciones Pedagógicas |e author |9 352563 | |
| 245 | 1 | 0 | |a Nuevos caminos: texto de lectura para tercer año básico |
| 250 | |a 4a. ed | ||
| 300 | |a 158 p | ||
| 942 | |c BK | ||
| 945 | |d 19960105 00:00:00 |a lriquelm | ||
| 260 | |a Santiago |b CPEIP |c 1974 | ||
| 650 | 0 | |a Lectura |9 307634 | |
| 650 | 0 | |a Enseñanza de la lectura |9 308364 | |
| 650 | 0 | |a Métodos de enseñanza |9 270413 | |
| 650 | 0 | |a Educación básica |9 224933 | |
| 650 | 0 | |a Enseñanza de la escritura |9 307377 | |
| 583 | |a last modification |c 19960105 00:00:00 |k Rodrigo Vera | ||
| 490 | 0 | |a Adelante | |
| 999 | |c 243650 |d 243648 | ||
| 952 | |0 0 |1 0 |4 0 |6 372_414000000000000_CEN_1974 |7 0 |8 P |9 257377 |a BIBEDU |b BIBEDU |c BIBEDU_PB |d 2019-11-19 |i 1613030 |o 372.414 CEN 1974 |p 1613030 |r 2024-01-25 |w 2019-11-19 |y BK |k EDU | ||
| 952 | |0 0 |1 0 |4 0 |6 372_414000000000000_CEN_1974 |7 0 |8 P |9 257378 |a BIBEDU |b BIBEDU |c BIBEDU_PB |d 2019-11-19 |i 1630962 |o 372.414 CEN 1974 |p 1630962 |r 2024-01-25 |w 2019-11-19 |y BK |k EDU | ||